Ordenación del territorio y desarrollo sostenible

-д хадгалсан:
Номзүйн дэлгэрэнгүй
Үндсэн зохиолчид: Millaruelo Aparicio, José (autor), Orduña Rebollo, Enrique (Зохиогч)
Формат: Ном
Хэл сонгох:испани
Хэвлэсэн: Buenos Aires Ciudad Argentina 2004
Хэвлэл:1a. ed
Нөхцлүүд:
Шошгууд: Шошго нэмэх
Шошго байхгүй, Энэхүү баримтыг шошголох эхний хүн болох!

MARC

LEADER 00000nam a2200000 a 4500
001 UCI6092
003 CL-VaPUC
008 080418e20040000AG |||||||||||||||||spa|d
020 |a 987507294X 
082 0 4 |a 711.4  |b MIR  |2 21 
100 |a Millaruelo Aparicio, José  |e autor  |9 528824 
700 0 |a Orduña Rebollo, Enrique  |e author  |9 528825 
245 1 0 |a Ordenación del territorio y desarrollo sostenible 
250 |a 1a. ed 
300 |a 311 p 
942 |c BK 
945 |d 20080418 00:00:00  |a jtorresc 
260 |a Buenos Aires  |b Ciudad Argentina  |c 2004 
650 0 |a Ciudades  |9 265474 
650 0 |a Urbanismo  |9 255208 
650 0 |a Desarrollo sustentable  |9 333905 
650 0 |a Medio ambiente  |9 257625 
650 0 |a Planificación urbana   |9 258176 
583 |a last modification  |c 20080418 00:00:00  |k Rodrigo Vera 
999 |c 329692  |d 329690 
952 |0 0  |1 0  |4 0  |6 711_400000000000000_MIR_2004  |7 0  |8 A  |9 414687  |a BIBING  |b BIBING  |d 2019-11-22  |i 4429087  |o 711.4 MIR 2004  |p 4429087  |r 2025-01-20  |w 2019-11-22  |y BK  |k GEO